000 00346nam a2200109Ia 4500
008 171211s9999 xx 000 0 und d
245 _aStrategies for Including Children with Special Needs in Early Childhood Settings
245 _cM. Diane Klein
260 _c2000
650 _xPSYCHOLOGY
856 _uhttp://down.ebook777.com/062/0827383525.pdf
999 _c349266
_d349266